| 000 | 00636nam a2200229Ia 4500 | ||
|---|---|---|---|
| 003 | BUBTL | ||
| 008 | 151213s9999 xx 000 0 und d | ||
| 020 | _a9780194370813 | ||
| 082 |
_a401.93/ El591u/ 1985 _b |
||
| 100 |
_aEllis, Rod _94693 |
||
| 245 |
_aUnderstanding Second Language Acquisition : _cRod Ellis |
||
| 250 | _a1st Edn | ||
| 260 |
_aOxford _bOxford University Press _cc1985 |
||
| 300 |
_a327p. : _b23 cm |
||
| 500 | _aIncludes Index | ||
| 650 |
_aEnglish Language _9194 |
||
| 650 |
_a _94694 |
||
| 700 |
_aRod Ellis _94695 |
||
| 856 |
_k0 _l0 _yDownload |
||
| 942 |
_2ddc _cBK |
||
| 999 |
_c4885 _d4885 |
||